000 00408nam a22001697a 4500
005 20160630092819.0
008 160630b xxu||||| |||| 00| 0 eng d
020 _a81-203-1710-6
041 _aeng
082 _b10897
100 _aRaj Pandya
_93256
245 _aMobile and personal Communication Systems and services
260 _bPHI
_c2004
300 _a292
650 _aManagement
_9241
942 _cBK
999 _c4807
_d4805